00347nam a2200121Ia 4500008004100000040001600041041001200057082001500069100001900084245006600103260004100169300001500210230917s9999||||xx |||||||||||||| ||und|| e58283aMAIN aEnglish a823.09 I9P aIrwin, Michael 0aPicturing: description and illusion in the 19th century novel aLondonbGeorge Allen and Unwinc1979 aix, 161 p.